• 首页
  • 本馆介绍
  • 公告通知
  • 最新文献
  • 馆藏检索
  • 电子资源
  • 读者导购
  • 参考咨询
  • 我的图书馆
  • 登录
  • 详细信息显示
  • 放入我的书架
  • 预约/预借图书
  • 作者相关作品
  • 分类相关作品
  • 丛书相关作品
  • 出版社相关作品

书目信息

  • 表格格式
  • 工作单格式
  • 卡片格式
题名:
民族主义
    
 
作者: 泰戈尔 著 ;谭仁侠 译
分册:  
出版信息: 北京   商务印书馆  1982.05
页数: 71页
开本: 19cm
丛书名:
单 册:
中图分类: D562
科图分类:
主题词: 民族问题--世界
电子资源:
ISBN:
000 00555nam0 2200205 45
001 0404211027
005 20060801084255.98
010    @dCNY0.36
091    @a3017.324
100    @a20040421d1982 km y0chiy0120 ea
101 0  @achi
200 1  @a民族主义@AMin Zu Zhu Yi@f(印度)泰戈尔著@F(Yin Du)Tai Ge Er Zhu@g谭仁侠译
210    @a北京@c商务印书馆@d1982.05
215    @a71页@d19cm
606 0  @a民族问题@x世界
690    @aD562@v3
701  0 @a泰戈尔@4著
702  0 @a谭仁侠@ATan Ren Xia@4译
801    @aCN@bPftUser@c20060801
905    @dD562@e38@f1@b175599
    
    民族主义/(印度)泰戈尔著/谭仁侠译.-北京:商务印书馆,1982.05
    71页;19cm
    
    
    ISBN :CNY0.36
    
●
相关链接 在E读中查询图书 在五车中查询图书 在当当中查询图书 在豆瓣中查询图书


正题名:民族主义     索取号:D562/38         预约/预借

序号 登录号 条形码 馆藏地/架位号 状态 备注
1 0175599   000482855   第一样本阅览室/ [索取号:D562/38] 在馆    
2 0175600   000482846   密集书库/ [索取号:D562/38] 在馆    
3 0424838   204248386   密集书库/ [索取号:D562/38] 在馆    
4 0426301   204263019   密集书库/ [索取号:D562/38] 在馆    
5 0439910   204399105   密集书库/ [索取号:D562/38] 在馆    
6 0439911   204399114   密集书库/ [索取号:D562/38] 在馆    
7 0439912   204399123   密集书库/ [索取号:D562/38] 在馆    
8 0441091   204410912   密集书库/ [索取号:D562/38] 在馆    
9 0441102   204411029   密集书库/ [索取号:D562/38] 在馆    
唐山师范学院图书馆 欢迎您!
大连网信软件有限公司© 版权所有